MARC details
| 000 -CABECERA |
| campo de control de longitud fija |
01749nam a2200289 a 4500 |
| 001 - NÚMERO DE CONTROL |
| campo de control |
000038555 |
| 003 - IDENTIFICADOR DEL NÚMERO DE CONTROL |
| campo de control |
DO-SdBNP |
| 005 - FECHA Y HORA DE LA ÚLTIMA TRANSACCIÓN |
| campo de control |
20250221073755.0 |
| 008 - DATOS DE LONGITUD FIJA--INFORMACIÓN GENERAL |
| campo de control de longitud fija |
100205s2011 dr a 000 0 spa d |
| 040 ## - FUENTE DE LA CATALOGACIÓN |
| Centro catalogador/agencia de origen |
DO-SdBNP |
| Lengua de catalogación |
spa |
| Centro/agencia transcriptor |
BNPHU |
| 082 ## - NÚMERO DE LA CLASIFICACIÓN DECIMAL DEWEY |
| Número de clasificación |
317.293 |
| Número de documento/Ítem |
R426e, 2009-2010 |
| 110 1# - ENTRADA PRINCIPAL--NOMBRE DE ENTIDAD CORPORATIVA |
| Nombre de entidad corporativa o nombre de jurisdicción como elemento de entrada |
República Dominicana |
| Unidad subordinada |
Secretaría de Estado de Economía, Planificación y Desarrollo |
| -- |
Oficina Nacional de Estadística ENHOGAR 2009-2010 : |
| 9 (RLIN) |
64901 |
| 245 10 - MENCIÓN DE TÍTULO |
| Título |
Encuesta nacional de hogares de propósitos múltiples : |
| Resto del título |
situación de la mujer , la niñez y la adolescencia : informe general / |
| Mención de responsabilidad, etc. |
presentación Pablo Tactuk. |
| 260 ## - PUBLICACIÓN, DISTRIBUCIÓN, ETC. |
| Lugar de publicación, distribución, etc. |
Santo Domingo : |
| Nombre del editor, distribuidor, etc. |
ONE : |
| -- |
UNICEF, |
| Fecha de publicación, distribución, etc. |
2011. |
| 300 ## - DESCRIPCIÓN FÍSICA |
| Extensión |
271 p. : |
| Otras características físicas |
il. ; |
| Dimensiones |
28 cm. |
| 505 0# - NOTA DE CONTENIDO CON FORMATO |
| Nota de contenido con formato |
Introducción -- |
| Título |
Aspectos metodológicos |
| -- |
Caraterísticas de la vivienda -- |
| -- |
Características de los hogares -- |
| -- |
Careterísticas básica de la población -- |
| -- |
Mortalidad y Salud infantil -- |
| -- |
Otros aspectos relacionados con la niñez -- |
| -- |
Trabajo infantil -- |
| -- |
Fecundidad y salud reproductiva -- |
| -- |
Conocimientos, actitudes y prácticas femeninas frente al VIH / SIDA -- |
| -- |
Percepción sobre la violencia doméstica -- |
| 590 ## - NOTA LOCAL (RLIN) |
| Nota local |
Inventariado,2018/DG |
| 650 #4 - PUNTO DE ACCESO ADICIONAL DE MATERIA--TÉRMINO DE MATERIA |
| Término de materia o nombre geográfico como elemento de entrada |
Encuestas de hogares |
| Subdivisión geográfica |
República Dominicana |
| Subdivisión cronológica |
2009-2010 |
| 9 (RLIN) |
64902 |
| 650 #4 - PUNTO DE ACCESO ADICIONAL DE MATERIA--TÉRMINO DE MATERIA |
| Término de materia o nombre geográfico como elemento de entrada |
Salud infantil |
| Subdivisión geográfica |
República Dominicana |
| Subdivisión cronológica |
2009-2010 |
| 9 (RLIN) |
64903 |
| Subdivisión de forma |
Estadísticas |
| 650 #4 - PUNTO DE ACCESO ADICIONAL DE MATERIA--TÉRMINO DE MATERIA |
| Término de materia o nombre geográfico como elemento de entrada |
Fecundidad |
| Subdivisión geográfica |
República Dominicana |
| Subdivisión cronológica |
2009-2010 |
| 9 (RLIN) |
64904 |
| Subdivisión de forma |
Estadísticas |
| 651 #4 - PUNTO DE ACCESO ADICIONAL DE MATERIA--NOMBRE GEOGRÁFICO |
| Nombre geográfico |
República Dominicana |
| Subdivisión general |
Población |
| Subdivisión cronológica |
2009-2010 |
| 9 (RLIN) |
64905 |
| Subdivisión de forma |
Estadísticas |
| 700 #2 - PUNTO DE ACCESO ADICIONAL--NOMBRE DE PERSONA |
| Nombre de persona |
Tactuk, Pablo |
| 9 (RLIN) |
5774 |
| 710 12 - PUNTO DE ACCESO ADICIONAL--NOMBRE DE ENTIDAD CORPORATIVA |
| Nombre de entidad corporativa o nombre de jurisdicción como elemento de entrada |
República Dominicana. |
| Unidad subordinada |
Oficina Nacional de Estadística |
| 9 (RLIN) |
5775 |
| 710 #2 - PUNTO DE ACCESO ADICIONAL--NOMBRE DE ENTIDAD CORPORATIVA |
| Nombre de entidad corporativa o nombre de jurisdicción como elemento de entrada |
Fondo de las Naciones Unidas para la Infancia |
| 9 (RLIN) |
9270 |
| 910 ## - DATOS DE OPCIÓN DEL USUARIO (OCLC) |
| Datos de opción del usuario |
Validado. Control de calidad MFF |
| 942 ## - ELEMENTOS DE PUNTO DE ACCESO ADICIONAL (KOHA) |
| Fuente del sistema de clasificación o colocación |
Dewey Decimal Classification |
| Tipo de ítem Koha |
Libro |